How to study public life
Guardat en:
| Autor corporatiu: | , |
|---|---|
| Format: | Llibre |
| Idioma: | anglès |
| Publicat: |
Washington, D.C
Island Press
2013
|
| Edició: | 1a. ed |
| Matèries: | |
| Etiquetes: |
Afegir etiqueta
Sense etiquetes, Sigues el primer a etiquetar aquest registre!
|
MARC
| LEADER | 00000cam a2200000 a 4500 | ||
|---|---|---|---|
| 001 | UCC8295 | ||
| 003 | CL-VaPUC | ||
| 005 | 20210824074416.0 | ||
| 008 | 190617e20130000us |||||||||||||||||eng|d | ||
| 020 | |a 9781610914239 | ||
| 040 | |c Pontificia Universidad Católica de Valparaíso | ||
| 082 | 0 | 4 | |a 721.01 |b GEH |2 21 |
| 110 | 2 | |a Gehl, Jan |e author |9 602949 | |
| 245 | 1 | 0 | |a How to study public life |
| 250 | |a 1a. ed | ||
| 260 | |a Washington, D.C |b Island Press |c 2013 | ||
| 300 | |a 179 p | ||
| 583 | |a last modification |c 20190617 11:18:00 |k Rodrigo Vera | ||
| 650 | 7 | |a ESPACIO PUBLICO |2 CL-VaPUC |9 561533 | |
| 650 | 0 | |a Sociología urbana |9 268099 | |
| 650 | 7 | |a ESPACIOS ABIERTOS |2 CL-VaPUC |9 262901 | |
| 650 | 0 | |a Planificación urbana |9 258176 | |
| 710 | 2 | |a Svarre, Birgitte |e author |9 602950 | |
| 942 | |c BK | ||
| 945 | |d 20190617 11:18:00 |a dcastane | ||
| 999 | |c 374645 |d 374643 | ||
| 952 | |0 0 |1 0 |3 erd |4 0 |6 721_010000000000000_GEH_2013 |7 0 |8 A |9 493285 |a BIBARQ |b BIBARQ |i 5552230 |l 1 |o 721.01 GEH 2013 |p 5552230 |r 2025-01-20 |s 2020-03-04 |w 2019-11-24 |y BK |z Catalogado en:20190617 |k ARQ | ||